[Event "Open A 2011"]
[Site "Panevezys"]
[Date "2011.08.15"]
[Round "9.2"]
[White "Stalemekas, Ernestas"]
[Black "Narmontas, Matas"]
[Result "1/2-1/2"]
[WhiteElo "2131"]
[BlackElo "2387"]
[PlyCount "65"]
[EventDate "2011.08.09"]

1. d4 d5 2. c4 c6 3. Nf3 Nf6 4. Nc3 a6 5. e3 b5 6. b3 Bg4 7. Be2 e6 8. Bb2 Bd6
9. Ne5 Bxe2 10. Qxe2 O-O 11. f4 b4 12. Nd1 Bxe5 13. fxe5 Ne4 14. O-O f6 15.
exf6 Rxf6 16. Rxf6 Qxf6 17. a3 bxa3 18. Rxa3 Ra7 19. Nc3 Nxc3 20. Bxc3 Rf7 21.
Be1 Qf5 22. Ra1 h6 23. Bg3 Nd7 24. Rxa6 Qb1+ 25. Be1 Nf6 26. h3 Ne4 27. Kh2
Qxb3 28. Rxc6 Qb8+ 29. Kg1 Qb1 30. Kh2 Qb8+ 31. Kg1 Qb1 32. Kh2 Qb8+ 33. Kg1
1/2-1/2

[Event "Open A 2011"]
[Site "Panevezys"]
[Date "2011.08.15"]
[Round "9.3"]
[White "Bieliauskas, Marius"]
[Black "Beinoras, Mindaugas"]
[Result "0-1"]
[WhiteElo "2137"]
[BlackElo "2331"]
[PlyCount "82"]
[EventDate "2011.08.09"]

1. d4 d6 2. c4 Nf6 3. Nc3 e5 4. Bg5 h6 5. Bh4 Nbd7 6. e3 g6 7. Nf3 Bg7 8. Be2
O-O 9. Qc2 c6 10. dxe5 dxe5 11. Rd1 Qe7 12. Nd2 a5 13. Na4 Nc5 14. Bxf6 Bxf6
15. Nxc5 Qxc5 16. O-O Be7 17. Rc1 Bf5 18. Bd3 Bxd3 19. Qxd3 Rad8 20. Qc2 Rd7
21. Ne4 Qb4 22. a3 Qb6 23. Qc3 Qc7 24. Rfd1 Rfd8 25. Qc2 f5 26. Ng3 Bf6 27. e4
f4 28. Nf1 Be7 29. Rxd7 Qxd7 30. c5 Qd4 31. Qb3+ Kf8 32. Rc4 Qd3 33. Qc3 Kf7
34. f3 Qxc3 35. Rxc3 a4 36. Kf2 Ra8 37. Rd3 Bxc5+ 38. Ke2 Ke6 39. Nd2 Bd4 40.
b3 b5 41. Kd1 c5 0-1

[Event "Open A 2011"]
[Site "Panevezys"]
[Date "2011.08.15"]
[Round "9.4"]
[White "Sakalauskas, Vaidas"]
[Black "Zanetti, Alberto"]
[Result "1-0"]
[WhiteElo "2404"]
[BlackElo "2183"]
[PlyCount "93"]
[EventDate "2011.08.09"]

1. d4 Nf6 2. c4 e6 3. Nc3 Bb4 4. Qc2 O-O 5. Bg5 d5 6. cxd5 exd5 7. e3 h6 8. Bh4
Be6 9. Bd3 c5 10. dxc5 Nbd7 11. c6 bxc6 12. Nf3 c5 13. O-O Qa5 14. Na4 c4 15.
Be2 Ne4 16. Nd4 Rac8 17. f3 Nec5 18. Nxc5 Bxc5 19. Rfd1 Qb6 20. Bf2 Nb8 21. b3
cxb3 22. Qxb3 Nc6 23. Rac1 Nxd4 24. exd4 Qxb3 25. axb3 Bb6 26. Ba6 Rxc1 27.
Rxc1 Rd8 28. Kf1 Rd7 29. Rc8+ Rd8 30. Rc6 Rd7 31. Ke2 Rc7 32. Rxc7 Bxc7 33. Bg3
Bxg3 34. hxg3 Kf8 35. Kd3 Ke7 36. Kc3 Kd6 37. Kb4 f6 38. Ka5 Kc7 39. Kb5 Kd6
40. Bb7 Kc7 41. Ba8 Kd6 42. Ka6 Bf5 43. b4 Bd3+ 44. b5 Bf1 45. Bc6 Bxg2 46.
Kxa7 Bh3 47. g4 1-0

[Event "Open A 2011"]
[Site "Panevezys"]
[Date "2011.08.15"]
[Round "9.5"]
[White "Tsiganova, Monika"]
[Black "Khamitskiy, Sergei"]
[Result "1/2-1/2"]
[WhiteElo "2161"]
[BlackElo "2316"]
[PlyCount "128"]
[EventDate "2011.08.09"]

1. d4 d5 2. Nf3 Nf6 3. Nbd2 Bf5 4. g3 e6 5. Bg2 Nbd7 6. O-O c6 7. Nh4 Bg4 8. c4
Be7 9. Re1 O-O 10. Qc2 Ne8 11. Nhf3 Bf5 12. e4 dxe4 13. Nxe4 Nd6 14. Ne5 Nxe5
15. dxe5 Qa5 16. Bf4 Nxe4 17. Bxe4 Bxe4 18. Qxe4 Rfd8 19. h4 Rd7 20. h5 h6 21.
Kg2 Rad8 22. Be3 Bc5 23. Bxc5 Qxc5 24. b3 Rd3 25. Re3 Rxe3 26. Qxe3 Qxe3 27.
fxe3 Rd2+ 28. Kf3 Kf8 29. b4 Rb2 30. a3 Ke7 31. c5 Rb3 32. Ke4 Rc3 33. Ra2 Rc4+
34. Kf3 Rc1 35. Rb2 Kd7 36. Rd2+ Ke7 37. Rd3 Rf1+ 38. Ke4 Rg1 39. Kf3 Rb1 40.
Rd4 Rf1+ 41. Ke4 Ra1 42. Rd3 Ra2 43. Kf3 g6 44. hxg6 fxg6 45. g4 Ra1 46. Rb3 a6
47. Rd3 Rf1+ 48. Kg2 Rc1 49. Kf3 Rf1+ 50. Kg2 Rf7 51. Rd4 g5 52. Rd1 Rf8 53.
Rh1 Rh8 54. Kg3 Rh7 55. Rh2 Kf8 56. Rd2 Ke7 57. Rh2 Kf8 58. Rd2 Ke7 59. Rh2 Rh8
60. Rh1 Rh7 61. Rh2 Ke8 62. Rf2 Rf7 63. Rh2 Rh7 64. Rf2 Rf7 1/2-1/2

[Event "Open A 2011"]
[Site "Panevezys"]
[Date "2011.08.15"]
[Round "9.6"]
[White "Vaitonis, Vytautas"]
[Black "Kudzma, Laimonas"]
[Result "1/2-1/2"]
[WhiteElo "2013"]
[BlackElo "2187"]
[PlyCount "79"]
[EventDate "2011.08.09"]

1. d4 g6 2. e4 Bg7 3. Nf3 d6 4. h3 Nf6 5. Nbd2 O-O 6. c3 Nc6 7. Bd3 e5 8. dxe5
Nxe5 9. Nxe5 dxe5 10. Bc4 Bh6 11. Qe2 Nh5 12. g3 Qe7 13. Nf3 Bxc1 14. Rxc1 Kg7
15. Nh4 h6 16. Rd1 Nf6 17. Kf1 b6 18. Kg2 Bb7 19. f3 Rad8 20. Kf2 Nh5 21. Qe3
Rd6 22. Rxd6 Qxd6 23. Bb3 Rd8 24. Rd1 Qe7 25. Rxd8 Qxd8 26. Ng2 Qd7 27. g4 Nf6
28. Qe2 Nh7 29. Kg3 Ng5 30. h4 Ne6 31. Bxe6 Qxe6 32. b3 f5 33. exf5 gxf5 34. f4
Bxg2 35. Kxg2 fxg4 36. fxe5 Qf5 37. Qe3 h5 38. Qg5+ Qxg5 39. hxg5 h4 40. e6
1/2-1/2

[Event "Open A 2011"]
[Site "Panevezys"]
[Date "2011.08.15"]
[Round "9.7"]
[White "Zebelis, Rimantas"]
[Black "Vanagas, Tadas"]
[Result "0-1"]
[WhiteElo "1888"]
[BlackElo "2081"]
[PlyCount "116"]
[EventDate "2011.08.09"]

1. d4 Nf6 2. Nf3 g6 3. c4 Bg7 4. Nc3 O-O 5. e4 d6 6. h3 e5 7. Bg5 Qe8 8. dxe5
dxe5 9. Be2 h6 10. Be3 Qe7 11. O-O c6 12. Qc1 Kh7 13. Nh2 Nbd7 14. Rb1 Nc5 15.
Bf3 Ne6 16. b4 Nd7 17. g3 Re8 18. Bg2 g5 19. Rd1 Ndf8 20. Ne2 b6 21. a4 Bb7 22.
Qc2 Rad8 23. c5 bxc5 24. bxc5 Ba6 25. Bf1 Kh8 26. Rxd8 Rxd8 27. Nf3 Bd3 28. Qb2
Bxe4 29. Nd2 Bxb1 30. Qxb1 Nd4 31. g4 Nfe6 32. Ng3 Nf4 33. Nde4 Nd5 34. Bc4 Qc7
35. Nd6 Rxd6 36. cxd6 Qxd6 37. Qe4 Nc3 38. Qg2 Qf6 39. Nh5 Qf3 40. Qxf3 Nxf3+
41. Kg2 Nd4 42. a5 Kg8 43. f3 Ncb5 44. Ng3 Nd6 45. Bf1 Kf8 46. Kf2 Ke7 47. Nh5
Bf8 48. Bd3 c5 49. Ng3 c4 50. Bh7 Kd7 51. Be4 Nxe4+ 52. fxe4 Kc6 53. Ke1 Kb5
54. Kd2 Bb4+ 55. Kc1 c3 56. Bxd4 exd4 57. Nf5 d3 58. Nxh6 Ba3+ 0-1

[Event "Open A 2011"]
[Site "Panevezys"]
[Date "2011.08.15"]
[Round "9.8"]
[White "Ottolini, Graziano"]
[Black "Pietinen, Pekka"]
[Result "1/2-1/2"]
[WhiteElo "2049"]
[BlackElo "2005"]
[PlyCount "31"]
[EventDate "2011.08.09"]

1. e4 e5 2. Nf3 Nc6 3. Bc4 Be7 4. c3 Nf6 5. d4 d6 6. dxe5 dxe5 7. Qxd8+ Bxd8 8.
O-O O-O 9. Be3 Be7 10. h3 h6 11. Nbd2 Bd6 12. Bb3 Na5 13. Bc2 Be6 14. b3 Rfd8
15. Rad1 a6 16. Rfe1 1/2-1/2

[Event "Open A 2011"]
[Site "Panevezys"]
[Date "2011.08.15"]
[Round "9.11"]
[White "Milasevicius, Jonas"]
[Black "Janulynas, Jonas"]
[Result "1-0"]
[WhiteElo "1952"]
[BlackElo "1814"]
[PlyCount "61"]
[EventDate "2011.08.09"]

1. d4 d5 2. Nf3 Nf6 3. e3 e6 4. Bd3 Nbd7 5. O-O c5 6. c4 dxc4 7. Bxc4 Nb6 8.
Be2 Be7 9. Nc3 O-O 10. b3 cxd4 11. Nxd4 e5 12. Nf3 Qc7 13. Bb2 Rd8 14. Qc1 a6
15. Rd1 Bg4 16. h3 Bh5 17. Rd2 Rac8 18. Qd1 Bb4 19. Rc1 Bxf3 20. Bxf3 Rxd2 21.
Qxd2 e4 22. Be2 Rd8 23. Qc2 Rc8 24. Qd1 Rd8 25. Nd5 Qd6 26. Nxb4 Qf8 27. Qe1
Nfd7 28. Nc2 Nc5 29. Nd4 Nbd7 30. Nf5 g6 31. Qc3 1-0

[Event "Open A 2011"]
[Site "Panevezys"]
[Date "2011.08.15"]
[Round "9.12"]
[White "Barsciauskas, Gintautas"]
[Black "Novikovas, Anatolijus"]
[Result "1-0"]
[WhiteElo "1854"]
[BlackElo "1979"]
[PlyCount "120"]
[EventDate "2011.08.09"]

1. e4 c5 2. d3 e6 3. Be2 Nc6 4. c3 Nf6 5. Nf3 d6 6. O-O Be7 7. Nbd2 O-O 8. a4
b6 9. Re1 Qc7 10. Nf1 d5 11. Ng3 Rd8 12. Qc2 Bb7 13. Bf1 Rac8 14. h3 Bd6 15.
Nh1 Ne5 16. Nxe5 Bxe5 17. g3 dxe4 18. dxe4 h6 19. Bg2 Qc6 20. f4 Bb8 21. e5
Qxg2+ 22. Qxg2 Bxg2 23. Kxg2 Nd5 24. Nf2 Rd7 25. Kf3 Rcd8 26. Be3 Nxe3 27. Rxe3
Rd2 28. Re2 f6 29. exf6 Rxe2 30. Kxe2 gxf6 31. Ne4 f5 32. Nd2 Kf7 33. Nf3 Kf6
34. c4 e5 35. fxe5+ Bxe5 36. Nxe5 Kxe5 37. Ke3 Rd4 38. b3 h5 39. a5 h4 40. axb6
axb6 41. gxh4 Rxh4 42. Rh1 Rd4 43. h4 f4+ 44. Ke2 Ke4 45. h5 f3+ 46. Ke1 Ke3
47. Rh3 Rd3 48. h6 Rxb3 49. Kd1 Rd3+ 50. Ke1 Ra3 51. Kd1 Ra8 52. h7 Rh8 53. Ke1
b5 54. cxb5 c4 55. b6 c3 56. Kd1 Kf4 57. b7 f2 58. Ke2 c2 59. Rc3 c1=Q 60. Rxc1
Kg3 1-0

[Event "Open A 2011"]
[Site "Panevezys"]
[Date "2011.08.15"]
[Round "9.13"]
[White "Zito, Riccardo"]
[Black "Apanaviciute, Kristina"]
[Result "1-0"]
[WhiteElo "1730"]
[BlackElo "1974"]
[PlyCount "85"]
[EventDate "2011.08.09"]

1. e4 e5 2. Nf3 Nf6 3. Nxe5 d6 4. Nf3 Nxe4 5. d4 d5 6. Bd3 Be7 7. O-O Nc6 8. c4
Nf6 9. Re1 O-O 10. cxd5 Nb4 11. Nc3 Nbxd5 12. Qc2 Nb4 13. Qd2 Nxd3 14. Qxd3 Bg4
15. Ne5 Bh5 16. f4 Ng4 17. Nf3 f5 18. h3 Nh6 19. Ne5 Bd6 20. Be3 Bxe5 21. fxe5
f4 22. Bf2 f3 23. g3 c6 24. Qc4+ Kh8 25. e6 Qd6 26. Ne4 Qd5 27. Qxd5 cxd5 28.
Nd6 Rfd8 29. Nxb7 Rdb8 30. Nd6 Rxb2 31. Re5 Bg6 32. e7 Rbb8 33. Rxd5 Ng8 34.
Re5 h6 35. Rae1 Nf6 36. d5 Kh7 37. g4 a5 38. Nc4 Nd7 39. R5e3 Nf6 40. d6 Be8
41. Rxf3 Rb4 42. Nb6 Ra6 43. Rxf6 1-0

[Event "Open A 2011"]
[Site "Panevezys"]
[Date "2011.08.15"]
[Round "9.14"]
[White "Lepeskaite, Migle"]
[Black "Cernavina, Ksenija"]
[Result "1/2-1/2"]
[WhiteElo "1788"]
[BlackElo "1788"]
[PlyCount "32"]
[EventDate "2011.08.09"]

1. e4 e5 2. Nf3 Nf6 3. Nxe5 d6 4. Nf3 Nxe4 5. d4 d5 6. Bd3 Bd6 7. O-O O-O 8.
Re1 Re8 9. Nbd2 Nxd2 10. Bxd2 Bg4 11. h3 Bxf3 12. Qxf3 c6 13. Rxe8+ Qxe8 14.
Re1 Qd8 15. Bf4 Bxf4 16. Qxf4 Nd7 1/2-1/2